000 00608nam a2200229Ia 4500
003 OSt
005 20220928140823.0
006 a|||||r|||| 00| 0
007 ta
008 220927b |||||||| |||| 00| 0 eng d
024 _a12086
037 _cTextual
040 _aSDCL
_cSDCL
_beng
041 _2eng
_aeng
082 _aD6,8(B289L), M4
100 _aMartin Donald
_9497835
245 0 _a88 IBM PC and PCjr logo programs.
260 _c1984
700 _a Martin Jennifer
_9497836
942 _hD6,8(B289L), M4
_cTEXL
_2CC
999 _c814495
_d814495